Equity culture in indian capital market: a study with special reference to Andhra Pradesh (Record no. 13716)

MARC details
000 -LEADER
fixed length control field 00629nam a2200181Ia 4500
082 ## - DEWEY DECIMAL CLASSIFICATION NUMBER
Classification number TR.0358
100 ## - MAIN ENTRY--AUTHOR NAME
Personal name Rao, K. Srinivasa
245 #0 - TITLE STATEMENT
Title Equity culture in indian capital market: a study with special reference to Andhra Pradesh
260 ## - PUBLICATION, DISTRIBUTION, ETC. (IMPRINT)
Year of publication 2003
Name of publisher Andhra University, Visakhapatnam
300 ## - PHYSICAL DESCRIPTION
Number of Pages 469
504 ## - BIBLIOGRAPHY, ETC. NOTE
Bibliography, etc includes appendices and bibliography
650 ## - SUBJECT ADDED ENTRY--TOPICAL TERM
Topical Term Capital market
Form subdivision India
-- Andhra Pradesh
650 ## - SUBJECT ADDED ENTRY--TOPICAL TERM
Topical Term Infrastructure (Economics)
Form subdivision India
-- Andhra Pradesh
650 ## - SUBJECT ADDED ENTRY--TOPICAL TERM
Topical Term Stocks
Form subdivision India
-- Andhra Pradesh
650 ## - SUBJECT ADDED ENTRY--TOPICAL TERM
Topical Term Stock exchanges
Form subdivision India
-- Andhra Pradesh
710 ## - ADDED ENTRY--CORPORATE NAME
Corporate name or jurisdiction name as entry element Rao, J.V. Prabhakara
942 ## - ADDED ENTRY ELEMENTS (KOHA)
Koha item type Thesis
Source of classification or shelving scheme Dewey Decimal Classification
Holdings
Withdrawn status Lost status Damaged status Not for loan Home library Current library Date acquired Source of acquisition Bill Date Full call number Accession Number Price effective from Koha item type
        NASSDOC Library NASSDOC Library 18/06/2007 AUTH 2007-05-10 TR.0358 43561 18/04/2019 Thesis